Edificación sustentable en América del Norte : oportunidades y retos : informe del secretariado al consejo conforme al Artículo 13 del Acuerdo de Cooperación Ambiental de América del Norte /

El organismo responsable de este informe tiene el encargo de atender los posibles conflictos ambientales en el marco del Acuerdo de Cooperación Ambiental de América del Norte, a su vez responsable de complementar las disposiciones en la materia del TLC entre México, Canadá y Estados Unidos. El docum...

Fuld beskrivelse

Guardado en:
Bibliografiske detaljer
Institution som forfatter: Comisión para la Cooperación Ambiental de América del Norte. Secretariado
Format: Bog
Sprog:spansk
Udgivet: Montreal, Canadá : Comisión para la Cooperación Ambiental de América del Norte, 2008, c2008
Fag:
Tags: Tilføj Tag
Ingen Tags, Vær først til at tagge denne postø!

MARC

LEADER 00000nam^a2200000^a^4500
001 000332759
005 20250521000000.0
008 130515 20082008
009 20260310114112.697
020 |a 2-923358-48-1 
037 |a Acervo ITESO - Biblioteca 
041 |a ESP 
082 |a 720. 47  |b COM 
110 |a Comisión para la Cooperación Ambiental de América del Norte.  |b Secretariado 
245 1 0 |a Edificación sustentable en América del Norte :  |b oportunidades y retos : informe del secretariado al consejo conforme al Artículo 13 del Acuerdo de Cooperación Ambiental de América del Norte /  |c Comisión para la Cooperación Ambiental de América del Norte, Secretariado. 
264 4 |a Montreal, Canadá :  |b Comisión para la Cooperación Ambiental de América del Norte,  |c 2008, c2008 
300 |a 75 p. 
336 |a texto  |b txt  |2 rdacontenido 
337 |a sin mediación  |b n  |2 rdamedio 
338 |a volumen  |b nc  |2 rdasoporte 
520 |a El organismo responsable de este informe tiene el encargo de atender los posibles conflictos ambientales en el marco del Acuerdo de Cooperación Ambiental de América del Norte, a su vez responsable de complementar las disposiciones en la materia del TLC entre México, Canadá y Estados Unidos. El documento es por igual un panorama de lo que ocurre en materia de construcción sustentable en la región, que una guía sobre los beneficios de la perspectiva sostenible. 
521 |a 2013 BO Maestría en Proyectos y Edificación Sustentables 
649 |a XX 
650 |a Tratado de Libre Comercio -  |z México-Canadá-EUA 
650 |a Cooperación Internacional -  |z México-Canadá-EUA 
650 |a Ecodiseño -  |z México 
650 |a Ecodiseño -  |z EUA 
650 |a Ecodiseño -  |z Canadá 
650 |a Ecodiseño -  |z América del Norte -  |x Tema Principal 
650 |a Desarrollo Sustentable -  |z América del Norte -  |x Tema Principal 
650 |a Conservación y Protección Ambiental -  |z América del Norte 
650 |a Construcción -  |z América del Norte 
650 |a Arquitectura -  |z América del Norte -  |x Tema Principal 
910 |a Fondo General 
920 |a Impresos - Libros 
930 |a Colección General 
905 |a 101 
901 |a 0500222465  |b IT1  |c ACC  |i C137552  |u 20250521 
902 |a https://opac.biblio.iteso.mx/vufind/Record/000332759